000 00449pab a2200181 454500
008 180718b2004 xxu||||| |||| 00| 0 eng d
100 _aKumar, D.
245 _aAnimal husbandry and dairying during Tenth Plan
260 _c2004
300 _ap.47-48.
362 _aMay
650 _aDairy industry - India
650 _aAnimal husbandry - India
650 _aAnimal husbandry
700 _aSudakar, T.
773 _aYojana
909 _a60459
999 _c60459
_d60459